[Event "Paris GCT 2018-Rapid"]
[Site "Paris"]
[Date "2018.06.22"]
[Round "8"]
[White "Mamedyarov, Shakhriyar"]
[Black "Grischuk, Alexander"]
[Result "1-0"]
[WhiteElo "2766"]
[BlackElo "2783"]
[Annotator "TA"]
[PlyCount "129"]
[EventDate "2018.06.21"]
[EventType "tourn"]
[EventCountry "FRA"]
[SourceTitle "playchess.com"]
[Source "ChessBase"]
[SourceQuality "1"]

{[%evp 14,129,0,0,3,-4,0,0,0,0,0,0,0,0,0,-5,5,0,81,92,118,106,140,121,138,60,69,64,66,22,60,0,29,-44,11,18,16,13,15,-34,13,25,16,21,31,5,5,11,31,33,57,0,0,0,0,0,0,-15,0,0,0,0,0,0,0,-7,0,-87,11,8,0,6,41,10,108,102,99,0,0,-150,0,0,0,0,0,0,0,-7,143,17,118,97,188,208,375,354,311,300,739,143,772,771,758,49,49,54,768,728,670,647,1451,1452,1370,1292,1275,1136,874,711]} 1. d4 Nf6 2. Nf3 g6 3. Bg5 Bg7 4. Nbd2 d5 5. e3 O-O 6. Bd3 c5 7. c3 Qb6 8. Rb1 {LiveBook: 78 Games} h6 {D03: 1 d4 d5 2 Nf3 Nf6 3 Bg5, including Torre Attack with early ...d5} 9. Bh4 cxd4 (9... Nc6 10. O-O Re8 11. Bg3 Nh5 12. Be5 Nf6 13. Bg3 Nh5 14. Be5 Nf6 15. Bg3 Nh5 16. Be5 Nf6 {½-½ (16) Nguyen,N (2630)-Salem,A (2638) Riadh 2017}) 10. exd4 $146 ({Predecessor:} 10. cxd4 Nc6 11. Bxf6 Bxf6 12. a3 e5 13. dxe5 Nxe5 14. Nxe5 Bxe5 15. Qa4 Qc7 16. Qc2 Qxc2 17. Bxc2 {½-½ (28) Bendig,F (2296)-Laghetti,G (2270) LSS email 2009}) 10... Qe6+ {The position is equal.} 11. Be2 Qb6 12. Bd3 Qe6+ 13. Be2 Qb6 14. Ne5 Nfd7 15. f4 g5 (15... Nxe5 $11 16. fxe5 (16. dxe5 Qe3 $15) 16... g5) 16. Nxd7 $16 ({Don't play} 16. fxg5 $6 Nxe5 17. dxe5 hxg5 $11) 16... Bxd7 17. fxg5 hxg5 18. Bxg5 Bf5 19. Nf3 ({Don't blunder} 19. Bxe7 $2 Re8 $19) (19. Rc1 $1 $16) 19... Bxb1 20. Qxb1 e5 21. dxe5 Nd7 22. Bf4 (22. Qf5 $14 Qe6 23. Qxe6 fxe6 24. Be7) 22... Rae8 {[%cal Rd7e5]} 23. Ng5 (23. Qf5 $11 Qe6 24. Nd4 Qxf5 25. Nxf5) 23... Qg6 (23... f5 $15 24. Qd1 Nxe5 25. Qxd5+ Kh8) 24. Qxg6 fxg6 25. e6 Ne5 26. Bb5 Re7 (26... Nc6 {is interesting.} 27. g3 Bf6 28. h4 Bxg5 29. hxg5 Rxe6+ 30. Kf2 Rd8) 27. Bxe5 Bxe5 28. Bd7 $1 Rf4 29. Nf3 Bf6 30. Ke2 Rh7 31. Rd1 Rh5 32. h3 (32. Bc8 $14) 32... Kf8 $11 33. Rd3 Ke7 34. Kd2 a5 35. a4 b6 36. Kc2 Re4 37. Kd1 Rf4 38. Ke2 Re4+ 39. Kf2 Rf5 40. g3 {[#]} (40. Bc6 $11 {remains equal.}) 40... g5 (40... d4 $1 $17 {And now ...dxc3 would win.} 41. c4 Bg7) 41. g4 Rff4 42. Rxd5 Re5 43. Rd3 Rc5 (43... Kf8 $11) 44. Ke3 Rcc4 45. Nd4 (45. Kd2 $16) 45... Bxd4+ $1 46. cxd4 {[%mdl 4096] Endgame KRR-KRB} ({Only move:} 46. Rxd4 $11 Rcxd4 47. cxd4) 46... Rf1 (46... Rc2 $17 47. d5 Kd6) 47. Bb5 Rc2 48. d5 Kd6 49. Rb3 Re1+ 50. Kd4 Rc5 ({Black should try} 50... Rf2 $11) 51. Bc6 $1 $16 Rd1+ (51... Rf1 $1 $11 {keeps the balance.}) 52. Ke4 Rf1 (52... Re1+ $16 53. Kd4 Rd1+ 54. Ke4 Re1+ 55. Kd4) 53. Rxb6 $18 {Black must now prevent Bb5+.} Rf4+ $2 (53... Rc4+ 54. Kd3 Rcc1) 54. Ke3 Rc1 55. Kd2 Rh1 $2 {[#]} (55... Rc5 56. Ba8+ Ke7) 56. Kc2 $2 (56. Bb5+ $1 $18 {and the rest is easy.} Kc5 57. e7 Rh2+ 58. Kd1 Rh1+ 59. Kc2 Rf2+ 60. Kb3 Rxh3+ 61. Ka2) 56... Rxh3 $2 {[%mdl 8192]} (56... Re4 $16 57. Kd3 Rhe1) 57. Bb5+ Kc5 58. Rc6+ $2 ({White has to play} 58. e7 $18 Rh2+ 59. Kb1) 58... Kxd5 $14 59. e7 Rf2+ $2 {[%mdl 8192]} (59... Re3 $14) 60. Kb1 $18 {White is clearly winning.} Re3 61. Rc7 Rfe2 62. Bxe2 Rxe2 63. Ka2 Re4 64. Ka3 Kd6 65. Ra7 {Precision: White = 54%, Black = 34%.} 1-0

[Event "Paris GCT 2018-Rapid"]
[Site "Paris"]
[Date "2018.06.22"]
[Round "8"]
[White "Karjakin, Sergey"]
[Black "So, Wesley"]
[Result "1/2-1/2"]
[WhiteElo "2743"]
[BlackElo "2763"]
[Annotator "TA"]
[PlyCount "78"]
[EventDate "2018.06.21"]
[EventType "tourn"]
[EventCountry "FRA"]
[SourceTitle "playchess.com"]
[Source "ChessBase"]
[SourceQuality "1"]

{[%evp 17,78,0,15,15,15,15,15,12,13,15,12,2,0,0,0,0,0,0,0,0,18,19,35,24,27,22,37,36,25,37,45,35,31,15,20,18,37,9,23,0,0,0,0,0,0,0,0,0,0,0,0,0,0,0,0,0,0,0,0,0,0,0,0]} 1. e4 e5 2. Nf3 Nc6 3. Bb5 Nf6 4. d3 {[%cal Bd2d3,Bd3d4][%mdl 32]} Bc5 5. c3 O-O 6. O-O d6 7. h3 Ne7 {C65: Ruy Lopez: Berlin Defence (3...Nf6), unusual lines and 4 0-0 Bc5} (7... Bb6 8. Nbd2 Ne7 9. Re1 c6 10. Ba4 Ng6 11. Nf1 d5 12. Ng3 dxe4 13. Nxe4 Nxe4 14. dxe4 Be6 15. Bb3 {½-½ (29) Anand,V (2760)-Carlsen,M (2843) Stavanger 2018}) 8. d4 Bb6 9. Bd3 d5 {LiveBook: 4 Games} (9... Ng6 10. Re1 Re8 11. Nbd2 c6 12. Nf1 d5 13. Bg5 dxe4 14. Rxe4 h6 15. Bxf6 Qxf6 {½-½ (46) Karjakin,S (2773)-So,W (2770) Bilbao 2016}) 10. Nxe5 Nxe4 11. Nd2 {[%cal Bb1d2,Bd2b3,Bb3c5][%mdl 32]} Nd6 12. Nb3 f6 13. Nf3 Bf5 {[#]} 14. Nc5 $146 {And now Bxf5 would win.} ({Predecessor:} 14. a4 c6 15. Nc5 {½-½ (25) Moura,A (2504)-Reinhart,K (2466) ICCF email 2016}) 14... Bxd3 15. Qxd3 {Hoping for Ne6.} Re8 16. Bf4 Bxc5 17. dxc5 Ne4 18. b4 Ng6 19. Bh2 a5 20. a3 c6 21. c4 axb4 22. axb4 {[#] Rxa8 is the strong threat.} Rxa1 23. Rxa1 dxc4 24. Qxc4+ Kh8 25. Nd4 Qd7 26. f3 Ng5 27. Bd6 Ne5 28. Qc2 Nef7 {The position is equal.} 29. Qf5 Qxf5 30. Nxf5 g6 31. Ng3 Nxd6 32. cxd6 $11 {[%mdl 4096] Endgame KRN-KRN} Rd8 33. Ra7 Rd7 34. h4 Nf7 35. Ne4 Nxd6 36. Nxd6 Rxd6 37. Rxb7 Rd4 38. Rb6 f5 39. Rxc6 Rxb4 {Precision: White = 70%, Black = 85%.} 1/2-1/2

[Event "Paris GCT 2018-Rapid"]
[Site "Paris"]
[Date "2018.06.22"]
[Round "9"]
[White "Nakamura, Hikaru"]
[Black "Mamedyarov, Shakhriyar"]
[Result "1/2-1/2"]
[WhiteElo "2813"]
[BlackElo "2766"]
[Annotator "TA"]
[PlyCount "128"]
[EventDate "2018.06.21"]
[EventType "tourn"]
[EventCountry "FRA"]
[SourceTitle "playchess.com"]
[Source "ChessBase"]
[SourceQuality "1"]

{[%evp 12,128,26,24,32,10,32,26,43,31,58,46,60,29,25,5,17,0,16,-15,-4,-12,0,0,0,0,0,-12,0,0,-10,-7,0,0,0,0,0,0,0,-77,-78,-83,-99,-101,-83,-92,0,-10,0,-28,-10,-53,0,-33,-9,-33,0,-30,-31,-41,9,6,25,24,50,45,42,37,66,28,28,28,58,58,82,60,79,37,47,37,74,37,47,46,54,52,73,73,73,73,84,84,84,84,84,4,4,4,8,8,4,4,22,22,29,36,36,36,36,0,37,0,37,37,44,44,63,44,44]} 1. Nf3 c5 2. e4 Nf6 3. e5 Nd5 4. Nc3 e6 5. b3 (5. Nxd5 exd5 6. d4 Nc6 7. dxc5 Bxc5 8. Bd3 d6 9. exd6 Qxd6 10. O-O O-O 11. Re1 h6 12. h3 Bd7 13. Be3 d4 14. Bd2 Rfe8 15. a3 Qd5 16. b4 Bd6 17. c4 dxc3 18. Rxe8+ Rxe8 19. Bxc3 {½-½ (29) So,W (2792)-Mamedyarov,S (2804) Wijk aan Zee 2018}) 5... Nc6 6. Bb2 {B29: Sizilianisch (Rubinstein-Variante)} Nxc3 7. dxc3 {[%cal Bd2c3,Bc3c4][%mdl 32] LiveBook: 3 Partien} d5 8. exd6 Qxd6 9. Bd3 Ne5 $146 ({Vorgänger:} 9... Be7 10. Qe2 Bd7 11. O-O-O O-O-O 12. Kb1 Qc7 13. h4 h6 {1-0 (41) Velez Betancourt,N (2265)-Lopez Hernandez,C (2330) Guines 1994}) 10. Be2 (10. Nxe5 {looks sharper.} Qxe5+ 11. Qe2 Bd6 12. Be4 f5 13. Bf3) 10... Bd7 11. Qxd6 Bxd6 12. c4 (12. Rd1 $5 {[%cal Rd1d6]} Bc7 13. c4 $14) 12... Nc6 $1 13. O-O-O Bf4+ 14. Kb1 f6 $1 15. g3 Bc7 16. Nd2 b6 17. Ne4 {[#] Und Lxf6! würde nun gewinnen.} Ke7 18. f4 Rad8 19. Nc3 Nd4 20. Bd3 Bc6 21. Rhf1 h5 22. Rde1 Kf7 23. Be4 h4 24. g4 h3 25. Bc1 (25. Rf2 $11) 25... Rh4 $17 26. Bxc6 Nxc6 27. Rg1 Nd4 {Droht ...Sf3 und aus.} 28. Ref1 {[#]} Nc6 (28... g5 $1 $17 {[%mdl 512] ...Lxf4 ist eine echte Drohung.} 29. fxg5 Bxh2) 29. Be3 Ne7 30. Bf2 Rhh8 31. Bg3 f5 (31... Rd2 $1 $15) 32. gxf5 exf5 33. Rf3 Rd7 34. Bf2 Ng8 35. Nd5 Bd8 36. Be1 Bf6 37. Kc1 Rh6 38. Bd2 Bd4 39. Rgg3 Nf6 40. Nxf6 (40. c3 {with more complications.} Nxd5 41. cxd5 Bf6 42. c4 Rd8 43. Rxh3 Rdh8 44. Rxh6 Rxh6 45. Rf2) 40... Bxf6 41. Rxh3 Rxh3 42. Rxh3 $14 {[%mdl 4096] Endspiel KTL-KTL} Rd4 43. Kd1 Re4 44. a4 Be7 45. Rf3 a5 46. Be3 Re6 47. Ke2 Rh6 48. h3 Rg6 49. Bf2 Re6+ 50. Re3 Bd6 51. Rxe6 Kxe6 $16 {KL-KL} 52. Bh4 Kd7 53. Bg5 (53. Kf3 $16) 53... Be7 $1 $11 54. h4 g6 $1 55. Kf3 Ke6 $1 56. Kg3 {Schwarz muss nun Lxe7 beachten.} Bf6 $1 57. Bh6 Kf7 58. Kh3 Be7 59. Bg5 {zielt auf Lxe7 ab.} Bf6 60. Kg3 Ke6 61. Kf3 Be7 62. Kg2 {Weiß steht etwas besser.} Bf6 63. Kg3 Kf7 64. c3 Kg7 {Precision: Weiß = 49%, Schwarz = 41%.} 1/2-1/2

[Event "Paris GCT 2018-Rapid"]
[Site "Paris"]
[Date "2018.06.22"]
[Round "9"]
[White "Grischuk, Alexander"]
[Black "Kramnik, Vladimir"]
[Result "0-1"]
[WhiteElo "2783"]
[BlackElo "2775"]
[Annotator "TA"]
[PlyCount "118"]
[EventDate "2018.06.21"]
[EventType "tourn"]
[EventCountry "FRA"]
[SourceTitle "playchess.com"]
[Source "ChessBase"]
[SourceQuality "1"]

{[%evp 12,118,13,10,27,16,22,18,31,32,31,26,22,25,23,3,20,19,22,22,26,7,4,8,3,0,0,0,0,0,12,-10,5,0,9,16,10,14,14,19,129,95,115,23,13,-111,-107,-116,-110,-125,-121,-111,-113,-151,-149,-162,-156,-157,-152,-231,-175,-222,-122,-270,-138,-389,-389,-382,-370,-491,-485,-589,-576,-562,-554,-535,0,-519,-510,-493,-492,-483,-471,-802,-869,-971,-911,-845,-837,-749,-720,-684,-618,-12840,-12840,-12840,-12831,-12843,-12843,-12844,-12844,-12845,-12845,-12845,-12846,-12847,-12847,-12848,-12847]} 1. e4 e5 2. Nf3 Nc6 3. Bb5 Nf6 4. d3 Bc5 5. c3 O-O 6. O-O d6 7. Nbd2 {[%cal Bb1d2,Bd2f1,Bf1g3][%mdl 32] LiveBook: 349 Games} a5 {C65: Ruy Lopez: Berlin Defence (3...Nf6), unusual lines and 4 0-0 Bc5} (7... Ne7 8. d4 exd4 9. cxd4 Bb6 10. Re1 Bg4 11. h3 Bh5 12. a4 a6 13. Bf1 Bg6 14. a5 Ba7 15. Ra4 {1-0 (48) Saric,I (2662)-Bacrot,E (2723) Germany 2018}) 8. h3 Bd7 9. Re1 a4 $146 {The position is equal.} ({Predecessor:} 9... Bb6 10. Nf1 Ne7 11. Bc4 c6 12. Bg5 Ng6 {0-1 (31) Urbanic,M (1912)-Juhar,R (2213) Banska Stiavnica 2013}) 10. Nf1 Ne7 11. Bxd7 Nxd7 12. d4 Bb6 13. Ng3 Re8 14. Bg5 Nf8 {[%cal Bd7f8,Bf8e6,Be6f4][%mdl 32]} 15. Be3 exd4 16. Bxd4 Bxd4 17. Nxd4 Neg6 18. Qc2 Ne6 19. Rad1 Nef4 20. Nf3 Qf6 21. Re3 Qe6 22. c4 Nxg2 23. Kxg2 {[#] Black must now prevent Nf5.} Nf4+ 24. Kg1 $1 Qxh3 {[%csl Gf4][%cal Rh3g2]} 25. Ne1 Qg4 (25... Re6 $11 26. Rf3 Qg4) 26. Ng2 $16 g5 27. Rd2 ({Better is} 27. Rd5 $16) 27... f5 $1 $11 28. Qd1 (28. Rd5 $11 Nxg2 29. Kxg2) 28... Qxd1+ $40 {[%mdl 128] Black wants a kill.} 29. Rxd1 {[#]} Nxg2 $1 30. Kxg2 f4 31. Re2 {Nf5 is the strong threat.} fxg3 32. Kxg3 {[%mdl 4096] Endgame KRR-KRR} Re5 33. Rd5 Rae8 34. f3 Kg7 35. b3 (35. Rd3 $17) 35... axb3 36. axb3 h5 (36... Rxd5 $19 37. cxd5 h5) 37. Ra2 (37. Rxe5 $17 Rxe5 38. Ra2) 37... Kf6 (37... Rxd5 $19 38. cxd5 h4+ 39. Kg2 Kf6) 38. b4 $2 {[%mdl 8192]} (38. Rd3 $17) 38... Rxd5 $19 39. cxd5 {KR-KR} Ke5 40. b5 b6 41. Ra7 Rc8 42. Ra4 Rf8 43. Ra7 Rc8 44. Ra4 $1 Rh8 {Black is clearly winning.} 45. Rc4 Rh7 46. Ra4 h4+ 47. Kg4 (47. Kh3 $142 Kf4 48. Ra3) 47... h3 {And now ...h2 would win.} 48. Ra1 Rh4+ 49. Kg3 h2 50. Rh1 Rh8 51. Kg4 Kd4 52. Kxg5 Ke3 53. f4 Kxe4 54. f5 Kf3 55. f6 Kg2 56. Rc1 h1=Q 57. Rxh1 Rxh1 58. Kf5 Kf3 59. f7 Rh8 {Precision: White = 38%, Black = 61%.} 0-1

[Event "Paris GCT 2018-Rapid"]
[Site "Paris"]
[Date "2018.06.22"]
[Round "9"]
[White "Vachier-Lagrave, Maxime"]
[Black "Aronian, Levon"]
[Result "1-0"]
[WhiteElo "2777"]
[BlackElo "2795"]
[Annotator "TA"]
[PlyCount "121"]
[EventDate "2018.06.21"]
[EventType "tourn"]
[EventCountry "FRA"]
[SourceTitle "playchess.com"]
[Source "ChessBase"]
[SourceQuality "1"]

{[%evp 21,121,7,19,0,4,1,24,0,33,16,40,7,7,3,30,27,21,23,44,22,27,27,20,8,49,14,23,16,20,14,18,15,18,22,20,15,16,15,16,0,47,32,37,37,55,52,45,37,88,8,25,11,52,51,63,50,58,44,44,44,44,44,44,44,44,44,50,44,53,52,53,44,66,66,58,58,75,75,74,66,678,678,677,82,29969,29971,29971,29972,12824,1284,29988,29989,29989,29983,29983,29983,29983,29984,29983,29984,29984,29983]} 1. c4 Nf6 2. Nc3 e5 3. Nf3 Nc6 4. e3 Bb4 5. Qc2 Bxc3 6. Qxc3 Qe7 7. Be2 d5 {A28: Englische Eröffnung (Vierspringer-Variante)} 8. d4 exd4 9. Nxd4 Nxd4 10. Qxd4 c5 11. Qh4 dxc4 {LiveBook: 5 Partien} 12. Bxc4 Be6 13. Bb5+ $146 ({Vorgänger:} 13. Be2 Nd5 14. Bb5+ Kf8 15. Qe4 Bd7 16. Qc4 Be6 17. Qe4 Bd7 18. Qc4 Be6 {½-½ (18) Giri,A (2775)-Aronian,L (2809) Geneva 2017}) 13... Bd7 14. Bd3 Ng4 15. Qxe7+ Kxe7 16. Bd2 Ne5 17. Be2 a5 18. Bc3 f6 19. f4 Nf7 20. O-O-O b6 21. g4 {[%cal Bg2g4,Bg4g5][%mdl 32]} Be6 22. a3 Rad8 23. g5 Rxd1+ 24. Rxd1 Rg8 25. h4 h6 26. Rg1 hxg5 27. fxg5 fxg5 28. hxg5 Nd6 29. g6 Nf5 30. Kd2 Rh8 31. Be5 Rd8+ 32. Ke1 Nxe3 33. Bxg7 Nc2+ 34. Kf2 Nd4 (34... Rd5 $14) 35. Bh5 ({Besser ist} 35. Bg4 $16) 35... Rd5 36. Bd1 Rf5+ 37. Ke3 Rd5 38. Bh8 b5 39. b4 axb4 40. axb4 Nf5+ 41. Kf4 {[#] Droht Lf3 und aus.} Nd6 42. Bg4 Bxg4 43. Kxg4 $14 {[%mdl 4096] Endspiel KTL-KTS} Ne8 44. Re1+ Kd7 45. bxc5 Rxc5 46. Be5 Rc2 47. Kf3 Rc6 48. Rg1 Nf6 49. g7 {zielt auf Lxf6 ab.} Ng8 50. Ke4 Rc8 $2 {[%mdl 8192] [#]} (50... Rc2 $14) 51. Rf1 $1 $18 {[%cal Rf1f7]} Re8 52. Rf7+ $2 (52. Rf8 $18 {ist der präzise Gewinnweg. Und Kf5 würde nun gewinnen.} b4 53. Kd5) 52... Ke6 $2 {[%mdl 8192]} (52... Re7 $16 53. Rf4 Nf6+ 54. Rxf6 Rxg7) 53. Rf8 Kd7 54. Kd5 Rc8 55. Bd6 (55. Rxc8 $142 Ne7+ 56. Ke4 Kxc8 57. Bd6) 55... Re8 56. Rf7+ {Weiß setzt Matt.} Kd8 57. Ra7 Re1 58. Ra8+ Kd7 59. Rxg8 Rd1+ 60. Kc5 Rg1 61. Ra8 {Precision: Weiß = 48%, Schwarz = 45%.} 1-0

[Event "Paris GCT 2018-Rapid"]
[Site "Paris"]
[Date "2018.06.22"]
[Round "9"]
[White "So, Wesley"]
[Black "Anand, Viswanathan"]
[Result "1/2-1/2"]
[WhiteElo "2763"]
[BlackElo "2822"]
[Annotator "TA"]
[PlyCount "99"]
[EventDate "2018.06.21"]
[EventType "tourn"]
[EventCountry "FRA"]
[SourceTitle "playchess.com"]
[Source "ChessBase"]
[SourceQuality "1"]

{[%evp 13,99,7,6,0,8,0,0,0,6,0,6,0,0,0,0,0,14,-17,13,13,34,10,20,23,31,30,26,22,29,13,14,9,14,4,4,6,6,0,0,0,0,0,0,0,0,0,0,0,0,0,0,0,0,0,0,0,0,0,0,0,0,0,0,0,0,0,0,0,0,0,0,0,0,0,0,0,0,0,0,0,0,-10,0,-10,0,-10,0,-10]} 1. d4 Nf6 2. Bf4 d5 3. e3 e6 4. Nf3 Bd6 5. Bg3 b6 6. c4 {D02: 1 d4 d5 2 Nf3 sidelines, including 2...Nf6 3 g3 and 2...Nf6 3 Bf4} O-O 7. Nc3 Bb7 {LiveBook: 4 Games} 8. cxd5 (8. Rc1 a6 9. cxd5 exd5 10. Be2 Qe7 11. O-O Nbd7 12. Qc2 Bxg3 13. hxg3 Rfe8 {0-1 (54) Georgiev,K (2623)-Short,N (2678) Riadh 2017}) 8... Nxd5 9. Nxd5 $146 ({Predecessor:} 9. Bd3 Nd7 10. e4 Nf4 11. Bc4 Ng6 12. e5 Bb4 13. h4 {0-1 (39) Nikcevic,N (2440)-Stefanovski,D (2300) Kladovo 1991}) 9... Bxd5 10. Bd3 Nd7 11. a3 h6 12. e4 {[#] Hoping for Bxd6.} Bb7 $1 13. Bxd6 cxd6 14. O-O Nf6 15. Nd2 Qe7 16. Rc1 Rac8 17. Qe2 Rxc1 18. Rxc1 Rc8 19. Rxc8+ Bxc8 20. g3 Qc7 21. Qd1 e5 {The position is equal.} 22. d5 Kf8 23. Qc2 Qxc2 24. Bxc2 $11 {[%mdl 4096] Endgame KBN-KBN} Ke7 25. Bd3 Ne8 26. Nf1 g6 27. Ne3 Ng7 28. Kg2 f5 29. f4 fxe4 30. Bxe4 exf4 31. gxf4 Nf5 32. Bxf5 Bxf5 {KB-KN} 33. Kf3 Kf6 34. h4 Bd7 35. Ke4 b5 36. Nd1 Bf5+ 37. Kf3 Bd7 38. Nc3 a6 39. Ne4+ Ke7 40. Ke3 Bf5 {Threatens to win with ...Bxe4.} 41. Ng3 Bh3 42. Kf3 Bf5 43. Nf1 Kf6 44. Ne3 Ke7 45. h5 Kf6 46. hxg6 $1 Kxg6 47. Kg3 Be4 48. Kg4 {[#]} Bf5+ $1 {[%mdl 512]} 49. Kg3 (49. Nxf5 h5+) 49... Be4 50. Kg4 {Precision: White = 62%, Black = 56%.} 1/2-1/2

[Event "Paris GCT 2018-Rapid"]
[Site "Paris"]
[Date "2018.06.22"]
[Round "9"]
[White "Caruana, Fabiano"]
[Black "Karjakin, Sergey"]
[Result "1/2-1/2"]
[WhiteElo "2753"]
[BlackElo "2743"]
[Annotator "TA"]
[PlyCount "155"]
[EventDate "2018.06.21"]
[EventType "tourn"]
[EventCountry "FRA"]
[SourceTitle "playchess.com"]
[Source "ChessBase"]
[SourceQuality "1"]

{[%evp 11,155,4,9,0,0,-7,12,12,17,10,28,22,30,1,31,13,34,22,21,0,0,0,19,12,26,22,39,44,57,29,49,35,40,36,82,35,79,32,37,25,29,20,54,31,89,68,66,54,56,57,60,49,66,53,54,51,75,72,91,72,79,79,71,63,62,61,82,82,86,67,68,68,110,85,81,81,102,50,64,77,54,9,10,10,32,0,0,0,0,0,0,0,0,-34,8,3,24,0,0,0,28,8,8,8,75,0,0,0,0,0,0,0,0,0,0,0,14,0,0,-12,0,0,0,0,0,0,8,0,0,0,8,8,8,0,0,0,0,0,0,0,0,0,0,0,0,0]} 1. e4 e5 2. Nf3 Nc6 3. Bb5 Nf6 4. d3 Bc5 5. O-O Nd4 6. Nxd4 Bxd4 {LiveBook: 272 Games} 7. Ba4 {C65: Ruy Lopez: Berlin Defence (3...Nf6), unusual lines and 4 0-0 Bc5} O-O (7... c6 8. c3 Bb6 9. Na3 d6 10. Bc2 Be6 11. Qe2 h6 12. Kh1 g5 13. Nc4 Bc7 14. Ne3 d5 {1-0 (48) Caruana,F (2822)-So,W (2778) Stavanger 2018}) 8. Nd2 d5 $146 ({Predecessor:} 8... d6 9. c3 Bb6 10. Nc4 Bg4 11. Qe1 Be6 12. Nxb6 axb6 13. Bc2 Rxa2 14. Rxa2 Bxa2 {1-0 (48) Dreisch,J (2031)-Hackenberg,T (1924) ICCF email 2017}) 9. exd5 Qxd5 10. Bb3 Qc6 11. Qf3 Bd7 12. h3 Rae8 13. Re1 b5 14. Qxc6 Bxc6 15. Nf3 Bxf3 16. gxf3 c6 17. c3 Bb6 18. a4 Rd8 19. axb5 cxb5 20. Bc2 (20. Rxe5 {feels hotter.} Rxd3 21. Be3 g6 22. Bxb6 axb6 23. Rxb5 Nh5 24. Rxb6 Nf4 25. Ra4) 20... Nd7 21. f4 Nc5 22. Rd1 f6 23. Be3 Rd6 24. fxe5 fxe5 25. d4 exd4 26. Bxd4 Rfd8 27. Re1 Kf8 (27... b4 $14) 28. Re5 Nd7 29. Rxb5 (29. Rf5+ {is more complex.} Nf6 30. Bxb6 axb6 31. Rxb5 Rd2 32. Bb1) 29... Bxd4 30. cxd4 a6 31. Rb3 Nf6 32. Bd3 Rxd4 33. Bxa6 Ra8 34. Raa3 g6 35. Be2 Rxa3 36. bxa3 $16 {[%mdl 4096] Endgame KRB-KRN} ({Reject} 36. Rxa3 Rd2 $11) 36... Rd2 37. Bf3 Ra2 38. Rb8+ Kg7 39. Ra8 Kh6 40. Ra7 Kg5 41. Kg2 Ne8 42. Bd5 Ra1 43. a4 Nd6 {[#]} 44. Bc6 (44. Ra8 $1 $16) 44... h5 $14 45. a5 Nf5 46. a6 {Black should prevent Ra8.} Nh4+ 47. Kh2 {next f4+ is good for White.} Ra2 $1 48. Ra8 Rxf2+ 49. Kg1 Ra2 50. Bb5 Nf3+ 51. Kf1 Kf4 52. Bc6 {[#] Strongly threatening Rf8+.} Ne5 53. Bd5 Ra5 54. Bb7 Kg3 55. Re8 Nc4 56. Re6 g5 57. Ke2 {With the idea Kd3.} Ra3 (57... g4 $11 {remains equal.}) 58. Re4 (58. Bd5 $16 Ne5 59. Rxe5 Rxa6 60. Re3+ Kh4 61. Kf2) 58... Ra2+ $11 {The position is equal.} 59. Kd3 Nd6 60. Re3+ Kh4 61. Re2 Ra3+ 62. Kc2 Ra5 63. Re3 Ra1 64. Kb2 Ra5 {Hoping for ...Nc4+.} 65. Rb3 g4 66. hxg4 hxg4 67. Rb4 Kh3 68. Kb3 g3 69. Ra4 Rb5+ 70. Rb4 Ra5 71. Rb6 Ne8 72. Rh6+ Kg4 73. Rg6+ Kf4 74. Kb4 Ra1 75. Kc5 Nc7 76. Kb6 Nxa6 77. Bxa6 Rxa6+ 78. Kxa6 {Precision: White = 49%, Black = 49%.} 1/2-1/2